K-Pop Idols that aren't Korean - Statistics

General Stats
  • This quiz has been taken 75 times
  • The average score is 7 of 14
Answers on the Grid
Answers color-coded by a green-red scale on the quiz's grid according to % correct below.
Ten
Sana
Han
V
Jihyo
Lisa
Iroha
James
the8
Rora
Chenle
Wendy
Yuqi
NI-KI
Karina
Amber
Solar
Intak
Hanni
Soul
MJ
Ricky
Gyu Vin
Yuri
 
Answer Stats
Answer % Correct
Lisa
80%
Sana
80%
Ten
69%
NI-KI
63%
the8
57%
Yuqi
51%
James
45%
Chenle
41%
Iroha
41%
Ricky
39%
Hanni
35%
Soul
33%
Amber
29%
Gyu Vin
2%
No matching quizzes found
Score Distribution
Percent of People with Each Score
Percentile by Number Answered
Your Score History
You have not taken this quiz